Will Still's Last Squad For Southampton - Statistics

General Stats
  • This quiz has been taken 4 times
  • The average score is 13 of 20
Answer Stats
Position Answer % Correct
RW(Sub) Tom Fellows
100%
ST Adam Armstrong
75%
GK Alex McCarthy
75%
LCM Caspar Jander
75%
ST(Sub) Damion Downs
75%
RW Finn Azaz
75%
RCM Flynn Downes
75%
GK(Sub) Gavin Bazunu
75%
CB(Sub) Jack Stephens
75%
AM(Sub) Jay Robinson
75%
LW Leo Scienza
75%
CB Nathan Wood
75%
RCB Ronnie Edwards
75%
LM Ryan Manning
75%
LCB Taylor Harwood-Bellis
75%
CB(Sub) Joshua Quarshie
50%
ST(Sub) Kuryu Matsuki
50%
CM(Sub) Joe Aribo
25%
RM Mads Roerslev
25%
ST(Sub) Nicholas Oyekunle
25%
No matching quizzes found
Score Distribution
Percent of People with Each Score
Percentile by Number Answered
Your Score History
You have not taken this quiz